|
|
|
|
| LEADER |
00904nam a2200265 4500 |
| 001 |
DLU100111607 |
| 005 |
##20100911 |
| 040 |
# |
# |
|a DLU
|b vie
|
| 041 |
# |
# |
|a vie
|
| 044 |
# |
# |
|a vn
|
| 100 |
# |
# |
|a Lê Thanh Bình,
|c PGS.TS.
|
| 245 |
# |
# |
|a Kết nối giáo dục đại học với công nghệ thông tin và truyền thông (ICT) trong đào tạo cán bộ truyền thông đại chúng /
|c Lê Thanh Bình.
|
| 653 |
# |
# |
|a Đào tạo đại học
|
| 653 |
# |
# |
|a Dịch vụ thông tin
|
| 653 |
# |
# |
|a Truyền thông
|
| 773 |
# |
# |
|t Tạp chí Công nghệ thông tin và truyền thông
|g Số 10,kỳ 2, 2008, tr. 19-25
|
| 920 |
# |
# |
|a Phòng Tạp chí -- Trung tâm Thông tin - Thư viện Trường Đại học Đà Lạt
|
| 994 |
# |
# |
|a DLU
|
| 900 |
# |
# |
|a True
|
| 911 |
# |
# |
|a Nguyễn Thị Linh Chi
|
| 925 |
# |
# |
|a G
|
| 926 |
# |
# |
|a A
|
| 927 |
# |
# |
|a BB
|
| 980 |
# |
# |
|a Thư viện Trường Đại học Đà Lạt
|